000 00553nam a22001931 4500
001 105223
003 ES-MaACL
007 t|
008 060619s1964 sp ||||0| spa d
016 7 _zIND9200523837
040 _aM-BN
_bspa
_cA2
080 _a351.811
100 1 _aLópez-Muñiz Goñi, Miguel.
_973811
245 1 0 _aDerecho y técnica de la circulación /
_cMiguel López-Muñiz Goñi.
260 _aMadrid :
_bGesta,
_c[1964]
300 _a2 v. ;
_c24 cm.
650 1 4 _aTráfico-
_xDerecho.
_917613
852 _aES-MaACL
_jP-339-ter
_bR.57832
999 _c105223
_d105223